000 00700nam a22001577a 4500
003 OSt
005 20151004095129.0
008 151004b xxu||||| |||| 00| 0 eng d
040 _cRUA
082 _aAVM TIT 2001 B072 Or.1
100 _91975
_aTITH, MAKARA.
245 _aEffects of replacing of fish meal with cassava leave meal for growing local chickens, ប្រសិទ្ធភាពនៃការជំនួសម្សៅត្រីដោយម្សៅស្លឹកដំឡូងមី ទៅលើការការលូតលាស់របស់មាន់ក្នុងស្រុក
260 _aPhnom Penh
_bRUA
_c2001
300 _avi; 29p.
_bill.
_c29cm.
942 _2ddc
_cAVM
999 _c1867
_d1867